| 000 | 00454nam a2200181Ia 4500 | ||
|---|---|---|---|
| 001 | 24294 | ||
| 005 | 20260414151033.0 | ||
| 008 | 260414t2022||||xx |||||||||||||| ||spa|| | ||
| 041 | _aESP | ||
| 082 |
_a345.2 _bR31E |
||
| 100 |
_aReátegui Sánchez, James _eAUT |
||
| 245 | 0 |
_aLa etapa intermedia en el código procesal penal _b |
|
| 260 | _c2022 | ||
| 300 |
_a382 páginas : _c25 cm. |
||
| 650 | _aDER | ||
| 654 | _aCDE | ||
| 942 |
_cLIB _dJUS _fJUS _2ddc _n |
||
| 999 |
_c24294 _d24294 |
||